Ciele podniku a plánovanie

Formulovanie cieľov podniku. Proces plánovania cieľov podniku. Hierarchická štruktúra cieľov. Nutnosť selekcie cieľov a výberu najvýznamnejších pre riadenie podniku.

Salvato in:
Dettagli Bibliografici
Autore principale: Grznár, Miroslav
Natura: Capitolo di libro
Lingua:slovacco
Soggetti:
Tags: Aggiungi Tag
Nessun Tag, puoi essere il primo ad aggiungerne!!

MARC

LEADER 00000naa$a2200000$$$4500
001 0003956
005 20230825103203.6
041 0 |a slo 
044 |a SK 
245 1 0 |a Ciele podniku a plánovanie  |c aut. Miroslav Grznár 
520 |a Formulovanie cieľov podniku. Proces plánovania cieľov podniku. Hierarchická štruktúra cieľov. Nutnosť selekcie cieľov a výberu najvýznamnejších pre riadenie podniku. 
610 2 0 |a riadenie podnikové 
610 2 0 |a ciele podnikové 
610 2 0 |a ciele riadenia 
610 2 0 |a plánovanie podnikové 
100 1 |a Grznár, Miroslav